banner-ar

الثقافة العالمية78 / (Record no. 27428)

MARC details
000 -الفاتح
حقل البيانات ثابتة الطول 00496nam a2200157Ia 4500
008 - عناصر البيانات ثابتة الطول - معلومات عامة
حقل البيانات ثابتة الطول 140319s9999 xx 000 0 ara d
040 ## - مصدر الفهرسة
وكالة الفهرسة الأصلية GCL /
وكالة النسخ GCL
082 04 - رقم تصنيف ديوى العشرى
رقم التصنيف د
رقم المادة 050
-- م ث
100 1# - المدخل الرئيسى - إسم شخصى
الإسم الشخصى المجلس الوطنى للثقافة والفنون
245 10 - بيان العنوان
العنوان الثقافة العالمية78 /
بيان المسئوليه,etc المجلس الوطنى للثقافة والفنون
300 ## - الوصف المادى
التعداد 196 ص
490 ## - بيان السلسلة
عنوان السلسلة السلسلة الفلسفية
رقم المجلد/ التعيين التسلسلي 0
650 04 - المدخل الاضافى بالموضوع-مصطلح موضوعى
مصطلح موضوعي الدوريات
942 ## - عناصر المدخل الإضافي( كوها)
مصدر التصنيف او مخطط الترفيف Dewey Decimal Classification
Koha [default] item type ملف كمبيوتر
Holdings
حالة التراجع حالة الفقد حالة تلف ليس للاعارة المكان المؤقت الموقع الحالى تاريخ الاكتساب اجمالي اﻻعارات رقم الطلب الباركود تاريخ اخر مشاهدة تاريخ تفعيل السعر نوع وعاء كوها
        مكتبة القاهرة الكبرى مكتبة القاهرة الكبرى 03/26/2014   د\050\م ث 62181 03/26/2014 03/26/2014 ملف كمبيوتر

Powered By

EGPV